| 000 | 01123cam a22003015a 4500 | ||
|---|---|---|---|
| 001 | 18751773 | ||
| 003 | USPCAS-E | ||
| 005 | 20180118181420.0 | ||
| 008 | 150820s2014 njua b 101 0 eng | ||
| 010 | _a 2015472005 | ||
| 020 | _a1118996682 | ||
| 020 | _a9781118996683 | ||
| 040 |
_aDLC _cDLC |
||
| 042 | _apcc | ||
| 082 |
_223 _a620.14 _bADV 2014 |
||
| 245 | 0 | 0 |
_aAdvances in materials science for environmental and energy technologies III / _cedited by Tatsuki Ohji, Josef Matyáš, Navin Jose Manjooran, Gary Pickrell, Andrei Jitianu. |
| 300 |
_aix, 322 pages : _billustrations ; _c25 cm. |
||
| 490 | 0 |
_aCeramic transactions, _x1042-1122 ; _vvolume 250 |
|
| 502 | _a. | ||
| 504 | _aIncludes bibliographical references and index. | ||
| 650 | 0 |
_aCeramic materials _vCongresses. |
|
| 650 | 0 |
_aRadioactive waste disposal _xEquipment and supplies _xMaterials _vCongresses. |
|
| 650 | 0 |
_aManufacturing processes _xEnvironmental aspects _vCongresses. |
|
| 700 | 1 |
_aOhji, T. _q(Tatsuki), _eeditor. |
|
| 906 |
_a0 _bibc _corigres _d2 _encip _f20 _gy-gencatlg |
||
| 942 |
_2ddc _cBK |
||
| 999 |
_c356006 _d356006 |
||